[Event "Olimpiade 2016 - Donne"]
[Site "Baku"]
[Date "12.09.2016"]
[Round "10.44"]
[Board "2"]
[White "Zhang, Jasmine Haomo"]
[Black "Myronenko, Natalya"]
[Result "1-0"]
[WhiteTitle "WCM"]
[WhiteElo "1721"]
[BlackElo "1922"]
[WhiteTeam "New Zealand"]
[BlackTeam "ICCD"]
[WhiteFideId "4304632"]
[BlackFideId "14124530"]
[EventDate "2016.09.02"]

1. d4 d5 2. Nf3 Nf6 3. Bf4 c5 4. e3 Qb6 5. Qc1 Nc6 6. c3 Bf5 7. h3 h6 8. Nbd2 e6
9. dxc5 Bxc5 10. Nb3 Be7 11. Nbd4 Bh7 12. Be2 O-O 13. O-O Rac8 14. Ne5 Nxe5 15.
Bxe5 Nd7 16. Bh2 Nc5 17. Rd1 Ne4 18. f3 Nc5 19. Qd2 Na4 20. Nb3 Bf6 21. Rac1 Bg5
22. f4 Bf6 23. Kf1 Be4 24. Bg1 Rfd8 25. Bg4 Qc6 26. Qe2 Qb6 27. Rd2 Rc7 28. Nd4
a6 29. Bf3 Nc5 30. Bf2 Rdc8 31. Bxe4 Nxe4 32. Rdc2 Rc4 33. Be1 Qa5 34. b3 R4c7
35. c4 Qb6 36. Qd3 Qd6 37. cxd5 Rxc2 38. Rxc2 Rxc2 39. Nxc2 Qxd5 40. Qxd5 exd5
41. Ke2 Kf8 42. Kf3 h5 43. Nb4 Bc3 44. Nxd5 Ng5+ 45. Ke2 Bxe1 46. Kxe1 Ne4 47.
g4 hxg4 48. hxg4 Ke8 49. g5 Kd7 50. Nb4 a5 51. Nc2 Nc3 52. a4 b5 53. axb5 Nxb5
54. Kd2 Nd6 55. Kd3 Kc6 56. e4 Kc5 57. Nd4 Kb4 58. e5 Ne8 59. f5 a4 60. bxa4
Kxa4 61. Kc4 f6 62. gxf6 gxf6 63. e6 Ka3 64. Nb5+ Kb2 65. e7 Kc2 66. Kd5 Kd3 67.
Nd6 Ng7 68. e8=Q Nxe8 69. Nxe8 Ke3 70. Nxf6 Kf4 71. Ke6 Kg5 72. Ne4+ Kh6 73. f6
Kh7 74. Ke7 1-0

[Event "Olimpiade 2016 - Donne"]
[Site "Baku"]
[Date "12.09.2016"]
[Round "10.44"]
[Board "3"]
[White "Gonchar, Svitlana"]
[Black "Song, Kate"]
[Result "1-0"]
[WhiteElo "1807"]
[BlackElo "1681"]
[WhiteTeam "ICCD"]
[BlackTeam "New Zealand"]
[WhiteFideId "14122103"]
[BlackFideId "4306392"]
[EventDate "2016.09.02"]

1. d4 d5 2. c4 e6 3. Nc3 Nf6 4. Bg5 Be7 5. e3 O-O 6. Nf3 b6 7. cxd5 exd5 8. Be2
Bb7 9. O-O Nbd7 10. Rc1 c5 11. b3 Rc8 12. Qd3 Ne4 13. Bxe7 Qxe7 14. dxc5 Nxc3
15. Qxc3 bxc5 16. Bb5 a6 17. Bxd7 Qxd7 18. Rfd1 Qe7 19. Qd3 Rfd8 20. h3 h6 21.
Qf5 g6 22. Qf4 Kg7 23. Rd2 Rc7 24. Rdc2 Rdc8 25. h4 Qf6 26. Qe5 Qxe5 27. Nxe5 a5
28. f3 h5 29. Kf2 Ba6 30. Rc3 f6 31. Nd3 c4 32. bxc4 Rxc4 33. Rxc4 Rxc4 34. g3
Kf7 35. Ke1 Rxc1+ 36. Nxc1 Bc4 37. Kd2 Ke6 38. a3 f5 39. Nd3 Kf6 40. Nc5 Ke5 41.
Kc3 Be2 42. f4+ Kd6 43. Nb7+ Kc6 44. Nxa5+ Kc5 45. Nb3+ Kd6 46. Kd4 Bb5 47. Nc5
Bc6 48. a4 Ba8 49. Nd3 Bc6 50. a5 Bb5 51. Nb4 Bc4 52. a6 Bxa6 53. Nxa6 Ke6 54.
Nb4 Kd6 55. Nxd5 Ke6 56. Kc5 Kd7 57. Nb6+ Ke6 58. Nc4 Ke7 59. Ne5 Kf6 60. Kd6
Kg7 61. Ke6 Kh7 62. Kf6 Kh6 63. Nxg6 Kh7 64. Kxf5 Kh6 65. e4 Kh7 66. e5 Kg7 67.
e6 Kg8 68. Kf6 1-0

[Event "Olimpiade 2016 - Donne"]
[Site "Baku"]
[Date "12.09.2016"]
[Round "10.44"]
[Board "4"]
[White "Braganza, Nadia"]
[Black "Zhukovskaya, Nina"]
[Result "1-0"]
[WhiteElo "1392"]
[BlackElo "1793"]
[WhiteTeam "New Zealand"]
[BlackTeam "ICCD"]
[WhiteFideId "4305337"]
[BlackFideId "13704192"]
[EventDate "2016.09.02"]

1. e4 e6 2. d4 d5 3. Nd2 dxe4 4. Nxe4 Nd7 5. Nf3 Ngf6 6. Nxf6+ Nxf6 7. Bd3 Be7
8. O-O O-O 9. c3 c5 10. dxc5 Bxc5 11. Nd4 Re8 12. Nb3 Be7 13. Qf3 Qd5 14. Qxd5
Nxd5 15. Be4 Nf6 16. Bf3 e5 17. Re1 Nd7 18. Na5 Rb8 19. Be3 Bc5 20. Rad1 Bxe3
21. Rxe3 Nf6 22. Nc4 Bg4 23. Bxg4 Nxg4 24. Re4 Nf6 25. Rxe5 Rxe5 26. Nxe5 h6 27.
Nd7 Nxd7 28. Rxd7 Kf8 29. Kf1 Ke8 30. Rc7 g6 31. b3 Kf8 32. c4 a6 33. f3 Kg7 34.
Ke2 Kf6 35. Kd3 Ke6 36. Kc3 f5 37. Rg7 Kf6 38. Rc7 Ke6 39. Kb4 b6 40. Rc6+ Kf7
41. Ka4 b5+ 42. cxb5 axb5+ 43. Ka5 Rd8 44. Kxb5 Rd2 45. a4 Rxg2 46. a5 Rxh2 47.
a6 Ra2 48. Rc4 Ke6 49. Ra4 Rd2 50. a7 Rd5+ 51. Kc6 Rd6+ 52. Kc7 Rd7+ 53. Kc8
Rxa7 54. Rxa7 1-0

[Event "Olimpiade 2016 - Donne"]
[Site "Baku"]
[Date "12.09.2016"]
[Round "10.45"]
[Board "1"]
[White "Mora Oviedo, Andrea Melissa"]
[Black "Rodriguez Arrieta, Maria Elena"]
[Result "1/2-1/2"]
[WhiteTitle "WCM"]
[BlackTitle "WIM"]
[WhiteElo "1783"]
[BlackElo "1903"]
[WhiteTeam "Honduras"]
[BlackTeam "Costa Rica"]
[WhiteFideId "8400148"]
[BlackFideId "6502911"]
[EventDate "2016.09.02"]

1. d4 Nf6 2. c4 c5 3. d5 b5 4. Qc2 b4 5. e4 d6 6. f4 g6 7. Nf3 Bg7 8. Bd3 e6 9.
O-O exd5 10. cxd5 O-O 11. Nbd2 Nbd7 12. Nc4 Nb6 13. Nxd6 Qxd6 14. e5 Qd8 15.
exf6 Bxf6 16. Qxc5 Be7 17. Qd4 Bb7 18. f5 Rc8 19. d6 Bxd6 20. Kh1 Bc5 21. Qxd8
Rfxd8 22. Bc2 Bf8 23. Bb3 Bd5 24. fxg6 hxg6 25. Bg5 Re8 26. Bf6 Bg7 27. Ng5 Bh6
28. h4 Re2 29. Bd4 Bxg2+ 30. Kg1 Bxf1 31. Bxf7+ Kf8 32. Rxf1 Bxg5 33. Bc4+ Ke8
34. Bxe2 Bxh4 35. Bd3 g5 36. Bg6+ Kd8 37. Rf7 Rc1+ 38. Kg2 Nd5 39. Bf5 Rc7 40.
Rxc7 Kxc7 41. Bxa7 Nb6 42. Bxb6+ Kxb6 43. a4 bxa3 44. bxa3 Ka5 45. Bd7 Be1 1/2-1/2

[Event "Olimpiade 2016 - Donne"]
[Site "Baku"]
[Date "12.09.2016"]
[Round "10.45"]
[Board "2"]
[White "Acevedo Mendez, Lisseth"]
[Black "McDowell, Sharon"]
[Result "1-0"]
[WhiteElo "1857"]
[BlackElo "1685"]
[WhiteTeam "Costa Rica"]
[BlackTeam "Honduras"]
[WhiteFideId "6502938"]
[BlackFideId "8401489"]
[EventDate "2016.09.02"]

1. e4 c5 2. Nf3 d6 3. b3 Nf6 4. Nc3 e6 5. Bb5+ Nbd7 6. d4 a6 7. Bxd7+ Qxd7 8.
O-O cxd4 9. Qxd4 Be7 10. Bb2 O-O 11. Rad1 Qc7 12. h3 b5 13. Rd2 Rd8 14. Rfd1 Bb7
15. Qe3 h6 16. a3 Rac8 17. Nd4 Nd7 18. Nde2 Bf6 19. Rxd6 Nc5 20. Rxd8+ Rxd8 21.
Rxd8+ Bxd8 22. b4 Nd7 23. Qg3 Qxg3 24. Nxg3 Bf6 25. Nd1 Bxb2 26. Nxb2 Nb6 27.
Kf1 Kf8 28. Ke2 Ke7 29. Kd3 f6 30. f3 g6 31. Nf1 Nd7 32. Nd2 Kd6 33. Nb3 Ne5+
34. Kd4 Nc6+ 35. Ke3 f5 36. Nc5 Bc8 37. Nbd3 a5 38. Nb3 axb4 39. axb4 e5 40. c3
Nb8 41. Nbc5 Nc6 42. Ne1 Ne7 43. Nc2 f4+ 44. Kd3 g5 45. Na3 Kc6 46. c4 bxc4+ 47.
Nxc4 Ng6 48. Kc3 h5 49. Nd3 g4 50. hxg4 hxg4 51. Ndxe5+ Nxe5 52. Nxe5+ 1-0

[Event "Olimpiade 2016 - Donne"]
[Site "Baku"]
[Date "12.09.2016"]
[Round "10.45"]
[Board "3"]
[White "Ortiz, Katherine Berenice"]
[Black "Ramirez Gonzalez, Maria Jose"]
[Result "0-1"]
[WhiteTitle "WFM"]
[WhiteElo "1857"]
[BlackElo "1859"]
[WhiteTeam "Honduras"]
[BlackTeam "Costa Rica"]
[WhiteFideId "8400474"]
[BlackFideId "6503349"]
[EventDate "2016.09.02"]

1. e4 e5 2. Nf3 Nc6 3. Bc4 Bc5 4. c3 Nf6 5. d3 d6 6. Bb3 a6 7. O-O Ba7 8. h3 h6
9. Be3 O-O 10. Nbd2 Nh5 11. d4 Qf6 12. dxe5 dxe5 13. Qe2 Bxe3 14. Qxe3 Nf4 15.
Kh2 Ne7 16. Ng1 Rd8 17. Bc2 Qg5 18. g3 Nxh3 19. Qxg5 Nxg5 20. Ndf3 Nxf3+ 21.
Nxf3 Ng6 22. Rfd1 Bg4 23. Kg2 h5 24. Bb3 Rxd1 25. Rxd1 Kf8 26. Rd3 Ke7 27. Ne1
Be6 28. Bxe6 Kxe6 29. Nc2 h4 30. Ne3 hxg3 31. fxg3 Ne7 32. Kf3 a5 33. a4 Ra6 34.
Nc4 Ra8 35. b3 b6 36. Ne3 g6 37. Nc4 Nc6 38. Ne3 Ne7 39. Nc4 Nc6 40. Ne3 Ne7 41.
Nc4 f5 42. Re3 Rf8 43. exf5+ Rxf5+ 44. Ke4 Nd5 45. Rd3 Nf6+ 46. Ke3 e4 47. Rd1
Rf3+ 48. Kd2 Rxg3 49. Re1 g5 50. Ne3 g4 51. b4 axb4 52. cxb4 Nd5 53. a5 Nxb4 54.
axb6 cxb6 55. Rb1 Nd5 56. Nxd5 Kxd5 57. Rxb6 Rd3+ 58. Ke2 Ke5 59. Rb8 Kf4 60.
Rf8+ Kg3 61. Re8 Rd4 62. Ke3 Rd3+ 63. Kxe4 Rf3 64. Rg8 Rf7 65. Rg6 Kh3 66. Rh6+
Kg2 67. Ke3 g3 68. Rh8 Kg1 69. Rg8 g2 70. Ke2 Re7+ 71. Kd2 Re5 72. Kd3 Kh2 73.
Rh8+ Kg3 74. Rg8+ Kf3 75. Kd4 Rf5 0-1

[Event "Olimpiade 2016 - Donne"]
[Site "Baku"]
[Date "12.09.2016"]
[Round "10.46"]
[Board "3"]
[White "Fredericia, Louise"]
[Black "Ben Said, Safa"]
[Result "1-0"]
[WhiteTitle "WFM"]
[BlackTitle "WCM"]
[WhiteElo "2117"]
[BlackElo "1563"]
[WhiteTeam "Denmark"]
[BlackTeam "Tunisia"]
[WhiteFideId "1404113"]
[BlackFideId "5503400"]
[EventDate "2016.09.02"]

1. e4 e6 2. d4 d5 3. Nc3 Bb4 4. Ne2 Ne7 5. a3 Bxc3+ 6. Nxc3 dxe4 7. Nxe4 Nbc6 8.
Be3 Nf5 9. Bb5 Qd5 10. Qd3 Nxe3 11. fxe3 Bd7 12. O-O-O Ne5 13. Bxd7+ Nxd7 14.
Rhf1 f6 15. c4 Qc6 16. Kb1 O-O-O 17. Qc2 Nb6 18. b3 Rhf8 19. Ka2 Kb8 20. Rd2 f5
21. Ng5 h6 22. Nf3 Nd7 23. Rfd1 Nf6 24. d5 exd5 25. Qxf5 Ne4 26. Qxe4 dxe4 27.
Rxd8+ 1-0

[Event "Olimpiade 2016 - Donne"]
[Site "Baku"]
[Date "12.09.2016"]
[Round "10.46"]
[Board "4"]
[White "Miladi, Amen"]
[Black "Kakulidis, Ellen"]
[Result "0-1"]
[WhiteTitle "WCM"]
[WhiteElo "1491"]
[BlackElo "1928"]
[WhiteTeam "Tunisia"]
[BlackTeam "Denmark"]
[WhiteFideId "5503779"]
[BlackFideId "1444972"]
[EventDate "2016.09.02"]

1. e4 e6 2. d4 d5 3. Nc3 Bb4 4. exd5 exd5 5. Bd3 Nc6 6. Ne2 Be6 7. a3 Bxc3+ 8.
bxc3 Qd7 9. O-O Nge7 10. Ng3 O-O 11. Bd2 Na5 12. f4 Bg4 13. Qe1 Nf5 14. Ne2 Nd6
15. Ng3 Rfe8 16. Qf2 Nf5 17. Ne2 Nc4 18. Bc1 Nfe3 19. Bxe3 Nxe3 20. Rfe1 Bf5 21.
Bxf5 Nxf5 22. Ng3 Nd6 23. f5 f6 24. Qf3 c6 25. Qg4 Nc4 26. Nh5 Kh8 27. Qh3 Nd6
28. Rf1 Re7 29. Rf3 Rae8 30. Raf1 Ne4 31. Nf4 Kg8 32. Qh5 Ng5 33. Rg3 Re1 34. h4
Rxf1+ 35. Kxf1 Qe7 36. Qxe8+ Qxe8 37. hxg5 fxg5 38. Ne6 h6 39. Kf2 Kf7 40. Re3
Qb8 41. Re5 Qd6 42. g4 b6 43. Ke2 c5 44. a4 cxd4 45. cxd4 Qd7 46. Kf3 0-1

[Event "Olimpiade 2016 - Donne"]
[Site "Baku"]
[Date "12.09.2016"]
[Round "10.47"]
[Board "1"]
[White "Shaikha, Abdallah Aldhaheri"]
[Black "Rania, Sbai"]
[Result "0-1"]
[BlackTitle "WIM"]
[WhiteElo "1495"]
[BlackElo "1907"]
[WhiteTeam "United Arab Emirates"]
[BlackTeam "Morocco"]
[WhiteFideId "9305343"]
[BlackFideId "9002146"]
[EventDate "2016.09.02"]

1. d4 Nf6 2. Nf3 g6 3. g3 Bg7 4. Bg2 d6 5. O-O O-O 6. c4 Nc6 7. Nc3 a6 8. e4 Bg4
9. h3 Bxf3 10. Bxf3 e5 11. d5 Nd4 12. Bg2 Nd7 13. f4 c5 14. dxc6 bxc6 15. Be3
Rb8 16. Rb1 Rb4 17. b3 Nc5 18. fxe5 dxe5 19. Qd2 a5 20. Rbd1 Qe7 21. Bh6 Bxh6
22. Qxh6 a4 23. Qd2 Rfb8 24. Nb5 Ncxb3 25. axb3 cxb5 26. bxa4 bxa4 27. Rf2 a3
28. Qa2 Rb2 0-1

[Event "Olimpiade 2016 - Donne"]
[Site "Baku"]
[Date "12.09.2016"]
[Round "10.47"]
[Board "2"]
[White "Mayar ElIdrissi, Firdaous"]
[Black "Nouman, Amna"]
[Result "1/2-1/2"]
[BlackTitle "WIM"]
[WhiteElo "1786"]
[BlackElo "1983"]
[WhiteTeam "Morocco"]
[BlackTeam "United Arab Emirates"]
[WhiteFideId "9001727"]
[BlackFideId "9301500"]
[EventDate "2016.09.02"]

1. e4 e5 2. Nf3 Nc6 3. Be2 Nf6 4. d3 Bc5 5. Be3 Bb6 6. Nc3 d5 7. Bg5 d4 8. Nd5
Ba5+ 9. c3 dxc3 10. Nxc3 h6 11. Bh4 Bg4 12. O-O Bxf3 13. Bxf3 O-O 14. Be2 g5 15.
Bg3 Re8 16. h4 Nd4 17. Bg4 c6 18. hxg5 Nxg4 19. Qxg4 Qxg5 20. Qh3 Qg6 21. f4
Bxc3 22. bxc3 Ne2+ 23. Kh2 Nxg3 24. Qxg3 Qxg3+ 25. Kxg3 Rad8 26. Rad1 f6 27. f5
c5 28. Rh1 Kg7 29. Kf3 Rd6 30. Ke2 Red8 31. Rh3 Ra6 32. Rd2 Rad6 33. Rg3+ Kh7
34. Ke3 R8d7 35. Rh3 Kg7 36. c4 Ra6 37. g3 Ra3 38. g4 a6 39. Ke2 b5 40. cxb5
axb5 41. Ke1 Rd4 42. Re3 c4 43. Kd1 cxd3 44. Kc1 Raa4 45. Rexd3 Rxd3 46. Rxd3
Rxe4 47. Rb3 b4 48. Rg3 Re2 49. Kb1 Re4 50. Kb2 Rf4 51. Kb3 Kh7 52. Rg2 Kg7 53.
Ka4 Kf7 54. Kb5 Rd4 55. Kc5 Kg7 56. Rg3 Kf7 57. Rg2 Kg7 58. Rg3 Rf4 59. Rg2 Rd4
60. Rg3 Kf7 61. Rg2 Rf4 62. Rg3 Kg7 63. Rg2 Rd4 64. Rg3 Kh7 65. Rg2 Rf4 66. Rg3
Kg7 67. Rg2 Kf7 68. Rg3 Kg7 69. Rg2 e4 1/2-1/2

[Event "Olimpiade 2016 - Donne"]
[Site "Baku"]
[Date "12.09.2016"]
[Round "10.47"]
[Board "3"]
[White "Bashaer, Khalil"]
[Black "Alaoui Belghiti, Chaimaa"]
[Result "1/2-1/2"]
[WhiteTitle "WCM"]
[BlackTitle "WFM"]
[WhiteElo "1584"]
[BlackElo "1654"]
[WhiteTeam "United Arab Emirates"]
[BlackTeam "Morocco"]
[WhiteFideId "9304843"]
[BlackFideId "9002375"]
[EventDate "2016.09.02"]

1. e4 c6 2. d4 d5 3. Nc3 dxe4 4. Nxe4 Bf5 5. Ng3 Bg6 6. h4 h6 7. Nf3 Nd7 8. h5
Bh7 9. Bd3 Bxd3 10. Qxd3 Qc7 11. Bd2 Ngf6 12. O-O-O e6 13. Ne4 Nxe4 14. Qxe4 Nf6
15. Qe2 O-O-O 16. g3 Kb8 17. c4 c5 18. Bc3 Ka8 19. Kb1 cxd4 20. Nxd4 Bc5 21. Nb3
Bb6 22. Rc1 Qc6 23. Rh4 Qd7 24. c5 Bc7 25. Bxf6 gxf6 26. c6 bxc6 27. Qf3 Qd3+
28. Qxd3 Rxd3 29. Rxc6 Bb6 30. Rf4 Kb7 31. Rc2 f5 32. Rb4 Rd1+ 33. Rc1 Rxc1+ 34.
Kxc1 Kc7 35. Rf4 Rg8 36. Nd2 Rg5 37. Rc4+ Kb7 38. Nf3 Rxh5 39. Rc2 f4 40. Nh4
fxg3 41. fxg3 Rc5 42. g4 Rd5 43. Rh2 Rg5 44. Rg2 h5 45. gxh5 Rxh5 46. Nf3 e5 47.
Kc2 e4 48. Ng5 f5 49. Ne6 Rh3 50. Ng5 Rh1 51. Re2 Rf1 52. Nf7 Kc7 53. Ne5 Rf2
54. Rxf2 Bxf2 55. Kd2 e3+ 56. Ke2 Kd6 57. Nc4+ Kd5 58. Nxe3+ Bxe3 59. Kxe3 Ke5
60. Kf3 Kd4 61. Kf4 Kd3 62. Kxf5 Kc2 63. Ke4 Kxb2 64. Kd3 a5 65. a4 Kb3 66. Kd4
Kb4 67. Kd3 Kxa4 68. Kc4 Ka3 69. Kc3 Ka2 70. Kc2 a4 71. Kc3 Ka3 72. Kc2 Ka2 73.
Kc3 a3 74. Kc2 Ka1 75. Kc1 Ka2 76. Kc2 1/2-1/2

[Event "Olimpiade 2016 - Donne"]
[Site "Baku"]
[Date "12.09.2016"]
[Round "10.47"]
[Board "4"]
[White "Ibrahimi, Khadija"]
[Black "Wadima, Humaid S H AlKalbani"]
[Result "0-1"]
[BlackTitle "WFM"]
[WhiteElo "1565"]
[BlackElo "1606"]
[WhiteTeam "Morocco"]
[BlackTeam "United Arab Emirates"]
[WhiteFideId "9004319"]
[BlackFideId "9304541"]
[EventDate "2016.09.02"]

1. e4 e5 2. Nf3 Nc6 3. Bc4 Nf6 4. d3 Be7 5. Nbd2 d6 6. h3 Na5 7. O-O O-O 8. c3
Nxc4 9. Nxc4 c5 10. a4 Kh8 11. Nh2 Ng8 12. d4 exd4 13. cxd4 f5 14. e5 cxd4 15.
Qxd4 dxe5 16. Qxe5 Bf6 17. Qb5 Be6 18. Ne5 a6 19. Qe2 Qa5 20. Nhf3 Rfe8 21. Bd2
Qb6 22. Bc3 Rac8 23. Qc2 Ne7 24. Qd2 Nd5 25. Bd4 Qb4 26. Qxb4 Nxb4 27. Rfc1 Nc2
28. Bc3 Nxa1 29. Rxa1 Bd5 30. Bd4 Bxf3 31. Nxf3 Bxd4 32. Nxd4 g6 33. Nf3 Rc2 34.
Rb1 Ree2 35. Nd4 Rxb2 36. Rxb2 Rxb2 37. a5 Rb4 38. Ne6 Rb5 39. Nd8 Rxa5 40. Nxb7
Ra1+ 41. Kh2 a5 42. Nc5 a4 43. Kg3 a3 0-1

[Event "Olimpiade 2016 - Donne"]
[Site "Baku"]
[Date "12.09.2016"]
[Round "10.48"]
[Board "1"]
[White "Wang, Chengjia"]
[Black "Richards, Deborah"]
[Result "1/2-1/2"]
[WhiteTitle "WFM"]
[BlackTitle "WIM"]
[WhiteElo "2017"]
[BlackElo "2023"]
[WhiteTeam "South Korea"]
[BlackTeam "Jamaica"]
[WhiteFideId "8601844"]
[BlackFideId "7400446"]
[EventDate "2016.09.02"]

1. e4 c5 2. Nf3 e6 3. d4 cxd4 4. Nxd4 Nf6 5. Nc3 d6 6. Be3 Be7 7. Be2 Nc6 8. O-O
O-O 9. f4 e5 10. fxe5 dxe5 11. Nxc6 bxc6 12. Qe1 Be6 13. Qg3 Qa5 14. Bg5 Kh8 15.
Kh1 Qb4 16. Rab1 h6 17. a3 Qa5 18. Qh4 Kh7 19. Rf3 Qc7 20. Rbf1 Ng8 21. Bxe7
Nxe7 22. Na4 Ng6 23. Qf2 Nf4 24. Nc5 Bc8 25. Bc4 Qd6 26. Rg3 f6 27. Nd3 Nxd3 28.
Rxd3 Qe7 29. Rfd1 Bg4 30. R1d2 Rad8 31. h3 Bc8 32. Rxd8 Rxd8 33. Rxd8 Qxd8 34.
Qxa7 Qd1+ 35. Kh2 Qd2 36. Qf7 Qf4+ 37. Kg1 Qe3+ 38. Kh1 Qc1+ 39. Kh2 Qf4+ 40.
Kg1 Qe3+ 41. Kf1 Qf4+ 42. Kg1 1/2-1/2

[Event "Olimpiade 2016 - Donne"]
[Site "Baku"]
[Date "12.09.2016"]
[Round "10.48"]
[Board "2"]
[White "Miller, Rachel"]
[Black "Lee, Seyeon"]
[Result "0-1"]
[WhiteTitle "CM"]
[WhiteElo "1971"]
[BlackElo "1577"]
[WhiteTeam "Jamaica"]
[BlackTeam "South Korea"]
[WhiteFideId "7401302"]
[BlackFideId "13204149"]
[EventDate "2016.09.02"]

1. e4 c5 2. Nc3 Nc6 3. f4 d6 4. Nf3 g6 5. Bb5 Bg7 6. O-O Bd7 7. Bc4 e6 8. d3
Nge7 9. f5 exf5 10. Qe1 Ne5 11. Bb3 Qc7 12. exf5 Bxf5 13. Ng5 O-O-O 14. Nxf7
Nxf7 15. Bxf7 Nc6 16. Be6+ Bxe6 17. Qxe6+ Qd7 18. Qd5 Bd4+ 19. Kh1 Rhf8 20. Bg5
Nb4 21. Qb3 Rde8 22. a3 Nc6 23. Nd5 Rf5 24. Bh4 Rh5 25. Bg3 Qg7 26. c3 Be5 27.
Nf4 Rf5 28. Ne6 Qe7 29. Rxf5 gxf5 30. Bxe5 dxe5 31. d4 Qxe6 32. d5 Qf7 33. c4
Nd4 34. Qa4 b6 35. b4 Qd7 36. Qa6+ Qb7 37. Qa4 Rd8 38. bxc5 bxc5 39. Qd1 Qa6 40.
Qf1 Qg6 41. Qf2 Rg8 42. Rb1 Kc7 43. Qb2 Qa6 44. a4 Kd6 45. Qd2 f4 46. Qd3 Qxa4
47. Qxh7 Qc2 48. Qh6+ Qg6 49. Qxg6+ Rxg6 50. Ra1 Ke7 51. Rxa7+ Kd8 52. Ra3 e4
53. g3 Rf6 54. gxf4 Rxf4 55. Kg2 Nf5 56. Ra6 e3 57. Re6 Rf2+ 58. Kg1 Rc2 59. h4
Rxc4 60. h5 Rh4 61. h6 Rxh6 62. Re5 Rf6 63. d6 c4 64. Re4 Ng3 65. Rxe3 Nf5 66.
Rf3 Rf7 67. Rc3 Nxd6 68. Kg2 Kd7 69. Rc2 Kc6 70. Kg3 Kc5 71. Kg4 Ne4 72. Re2 Kd4
73. Ra2 c3 74. Ra8 Nc5 75. Rd8+ Kc4 76. Rd1 c2 77. Rc1 Kc3 78. Kg5 Nd3 79. Rxc2+
Kxc2 80. Kg6 Rf1 81. Kg5 Ne5 82. Kh4 Rg1 83. Kh3 Kd3 84. Kh2 Rg8 85. Kh1 Ke3 86.
Kh2 Kf3 87. Kh1 Kf2 88. Kh2 Rh8# 0-1

[Event "Olimpiade 2016 - Donne"]
[Site "Baku"]
[Date "12.09.2016"]
[Round "10.48"]
[Board "3"]
[White "Dovchin, Bolortungalag"]
[Black "Smith, Annesha"]
[Result "0-1"]
[BlackTitle "WCM"]
[WhiteElo "1544"]
[BlackElo "1770"]
[WhiteTeam "South Korea"]
[BlackTeam "Jamaica"]
[WhiteFideId "13205668"]
[BlackFideId "7400683"]
[EventDate "2016.09.02"]

1. e4 c5 2. Nf3 Nc6 3. c3 d6 4. Bb5 a6 5. Bxc6+ bxc6 6. d4 cxd4 7. cxd4 Bg4 8.
O-O e6 9. Nbd2 Ne7 10. h3 Bh5 11. b3 d5 12. Bb2 Nc8 13. Qc2 Na7 14. Rac1 Bd6 15.
Ne1 Be2 16. e5 Be7 17. Nd3 Bxf1 18. Kxf1 O-O 19. Nc5 Qa5 20. Bc3 Qb5+ 21. Nd3
Ba3 22. Re1 c5 23. Kg1 cxd4 24. Bxd4 Rfc8 25. Qb1 Nc6 26. Be3 Rc7 27. Nf3 Rac8
28. Nf4 Nb4 29. Nd4 Qd7 30. Qd1 Nc2 31. Nxc2 Rxc2 32. Qg4 Kh8 33. Nh5 Rg8 34.
Bg5 Qa7 35. Rf1 Bc5 36. Qg3 Be7 37. Qd3 Rxa2 38. Be3 Qc7 39. Bf4 Qc2 40. Qg3 Ra3
41. Rc1 Qxb3 42. Qg4 Qb7 43. Be3 Rb3 44. Kh2 Rb4 45. Qd1 a5 46. Ra1 Rb5 47. Bd2
Bb4 48. Bg5 Bc3 49. Rc1 Bxe5+ 50. f4 Bd6 51. Nf6 Bxf4+ 52. Bxf4 gxf6 53. Qf3 d4
54. Qf2 Rb2 55. Rc2 Rxc2 56. Qxc2 e5 57. Bh6 Qd5 58. Qf2 Rg6 0-1

[Event "Olimpiade 2016 - Donne"]
[Site "Baku"]
[Date "12.09.2016"]
[Round "10.48"]
[Board "4"]
[White "Smith, Melisha"]
[Black "Park, Sunwoo"]
[Result "1/2-1/2"]
[WhiteTitle "WCM"]
[WhiteElo "1719"]
[BlackElo "1626"]
[WhiteTeam "Jamaica"]
[BlackTeam "South Korea"]
[WhiteFideId "7400691"]
[BlackFideId "13203320"]
[EventDate "2016.09.02"]

1. d4 d5 2. c4 c6 3. Nc3 Nf6 4. Nf3 g6 5. e3 Bg7 6. b3 Nbd7 7. cxd5 cxd5 8. Bd3
O-O 9. O-O b6 10. Bb2 Bb7 11. Rc1 Rc8 12. Qe2 Nb8 13. Rc2 Nc6 14. a3 e6 15. Rfc1
Qe7 16. Nb1 Qd6 17. Ne5 Ne7 18. a4 Rxc2 19. Rxc2 Rc8 20. Ba3 Qd8 21. Qd1 Nc6 22.
Nxc6 Rxc6 23. Rxc6 Bxc6 24. Qc2 Bb7 25. Nd2 Bf8 26. Bxf8 Kxf8 27. Nf3 Qc8 28.
Qxc8+ Bxc8 29. Ne5 Bb7 30. f3 Ke7 31. Bb5 a6 32. Bd3 Nd7 33. Nxd7 Kxd7 34. Kf1
a5 35. Ke1 Kd6 36. f4 f6 37. Kd2 e5 38. Kc3 e4 39. Be2 Bc6 40. h4 f5 41. g4 Be8
42. g5 Kc7 43. Bf1 Kb7 1/2-1/2

[Event "Olimpiade 2016 - Donne"]
[Site "Baku"]
[Date "12.09.2016"]
[Round "10.49"]
[Board "1"]
[White "Silva Rosas, Natalia"]
[Black "Al-Rufaye, Iman Hasan Mohammed"]
[Result "0-1"]
[WhiteTitle "WCM"]
[BlackTitle "WIM"]
[WhiteElo "1812"]
[BlackElo "2001"]
[WhiteTeam "Uruguay"]
[BlackTeam "Iraq"]
[WhiteFideId "3000575"]
[BlackFideId "4801067"]
[EventDate "2016.09.02"]

1. e4 e5 2. Nf3 Nc6 3. Bb5 a6 4. Ba4 Nf6 5. O-O Be7 6. d4 O-O 7. Re1 b5 8. Bb3
d6 9. c3 exd4 10. Nxd4 Bb7 11. Nf5 Ne5 12. Nxe7+ Qxe7 13. Bc2 Rad8 14. f4 Ng6
15. Qf3 Rfe8 16. Nd2 d5 17. Nb3 dxe4 18. Qe2 c5 19. Be3 c4 20. Nc5 Nxf4 21. Bxf4
Qxc5+ 22. Be3 Qc8 23. h3 Nd5 24. Bg5 f6 25. Bh4 Nf4 26. Qe3 Nd3 27. Qg3 Kh8 28.
Rf1 Qc5+ 29. Kh1 Rd6 30. Qg4 e3 31. Rf5 Qc6 32. Rg1 Bc8 0-1

[Event "Olimpiade 2016 - Donne"]
[Site "Baku"]
[Date "12.09.2016"]
[Round "10.49"]
[Board "2"]
[White "Jalaluldeen, Kareen Kamal J."]
[Black "Larrea, Daniela"]
[Result "1/2-1/2"]
[WhiteTitle "WFM"]
[WhiteElo "1824"]
[BlackElo "1778"]
[WhiteTeam "Iraq"]
[BlackTeam "Uruguay"]
[WhiteFideId "4801776"]
[BlackFideId "3003000"]
[EventDate "2016.09.02"]

1. d4 Nf6 2. c4 Nc6 3. Nf3 e6 4. Nc3 Bb4 5. Bg5 h6 6. Bh4 g5 7. Bg3 Ne4 8. Qc2
f5 9. e3 d6 10. Bd3 Bxc3+ 11. bxc3 Nxg3 12. hxg3 Qf6 13. d5 Ne5 14. Be2 Nxf3+
15. gxf3 b6 16. O-O-O a5 17. f4 e5 18. fxg5 hxg5 19. Bf3 e4 20. Rxh8+ Qxh8 21.
Rh1 Qg7 22. Be2 g4 23. Kb2 Bd7 24. Qd1 O-O-O 25. Qd4 Rg8 26. Bd1 Kb7 27. Be2 Bc8
28. Qxg7 Rxg7 29. Rh6 Rf7 30. Bd1 Bd7 1/2-1/2

[Event "Olimpiade 2016 - Donne"]
[Site "Baku"]
[Date "12.09.2016"]
[Round "10.49"]
[Board "3"]
[White "Quevedo, Andreina"]
[Black "A-ALI, Sali Abbas Abdulzahra"]
[Result "1-0"]
[BlackTitle "WFM"]
[WhiteElo "1699"]
[BlackElo "1728"]
[WhiteTeam "Uruguay"]
[BlackTeam "Iraq"]
[WhiteFideId "3004147"]
[BlackFideId "4804929"]
[EventDate "2016.09.02"]

1. e4 e6 2. d4 d5 3. Nd2 dxe4 4. Nxe4 Nd7 5. Nf3 Ngf6 6. Nxf6+ Nxf6 7. c3 Bd6 8.
Bd3 h6 9. h3 O-O 10. g4 Nd5 11. g5 hxg5 12. Nxg5 g6 13. Qg4 Nf6 14. Qg2 e5 15.
h4 Bg4 16. Ne4 Bh5 17. Bg5 Be7 18. Bxf6 Bxf6 19. Ng3 Bg7 20. Nxh5 gxh5 21. Qe4
f5 22. Bc4+ Kh7 23. Qg2 exd4 24. O-O-O Qe7 25. Rhg1 Rf6 26. Rde1 Qd7 27. Kb1 Bh6
28. Qf3 dxc3 29. Qxc3 Rb6 30. Qf3 Re8 31. Rxe8 Qxe8 32. Qxf5+ Kh8 33. Rg8+ Qxg8
34. Bxg8 Kxg8 35. Qxh5 Rc6 36. b3 Rc1+ 37. Kb2 Rc6 38. Qe8+ Kh7 39. Qc8 Bc1+ 40.
Kb1 Ba3 41. Qf5+ Kh6 42. Qg5+ Kh7 43. b4 Rc1+ 44. Qxc1 Bxc1 45. Kxc1 Kh6 46. Kd2
Kh5 47. Ke3 Kxh4 48. Ke4 Kg5 49. Ke5 b6 50. b5 Kg6 51. Ke6 Kg5 52. Kd7 a6 53.
bxa6 c5 54. a7 c4 55. a8=Q 1-0